| 000 | 00000nas 2200000za 4500 |
| 001 | 9.505947 |
| 003 | CaOODSP |
| 005 | 20250718113855 |
| 007 | cr ||||||||||| |
| 008 | 150406c20009999oncar p o f0 a0eng|d |
| 022 | |a1704-1120 |
| 040 | |aCaOODSP|beng |
| 043 | |an-cn--- |
| 086 | 1 |aTU1E-PDF |
| 110 | 2 |aTransportation Safety Board of Canada. |
| 210 | 0 |aAnnu. rep. Parliam. - Transp. Saf. Board Can. |
| 222 | 0|aAnnual report to Parliament - Transportation Safety Board of Canada |
| 240 | 10|aAnnual report to Parliament (Online) |
| 245 | 10|aAnnual report to Parliament |h[electronic resource] / |cTransportation Safety Board of Canada. |
| 246 | 13|aTSB annual report to Parliament |
| 260 | |a[Ottawa] : |bTransportation Safety Board of Canada, |c[2000?]- |
| 310 | |aAnnual |
| 362 | 1 |aBegan with 1999/2000? |
| 500 | |aIssued also in French under title: Rapport annuel au Parlement. |
| 520 | 3 |aDiscusses the activities of the Transportation Safety Board of Canada. The Board’s mandate is to advance the safety of marine, pipeline, rail, and air transportation by investigating accidents and incidents; identifying safety deficiencies and making recommendations to correct them; and reporting its findings to the public. |
| 530 | |aIssued also in print. |
| 588 | |aDescription based on: 2001/2002. |
| 692 | 07|2gccst|aTransportation safety |
| 775 | 08|tRapport annuel au Parlement |w(CaOODSP)9.502349 |
| 776 | 0#|tTransportation Safety Board of Canada - annual report to Parliament |w(CaOODSP)9.511928 |